00498nam a22001577a 4500003000400000005001700004008004100021020001500062040000800077082001700085100002000102245009500122260006900217300001100286650004300297OSt20180912131356.0180912b ||||| |||| 00| 0 eng d a0952523159 cDLC a234.1bW199H aWalley, Pauline aThe Holy Spirit :bThe Uniqueness Of His Presence You Can Have It./cBy Evg.Pauline Walley aEngland :bPauline Walley Christian Communication (PWCC)cc1997. a81 p.: aSpiritual GrowthxChristian Missionary